Every System Of A Down song randomized - Statistics

General Stats
  • This quiz has been taken 7 times
  • The average score is 50 of 60
Answer Stats
Hint Answer % Correct
Toxicity, Song 9 ATWA
100%
Toxicity, Song 3 Deer Dance
100%
Hypnotize, Song 2 Dreaming
100%
Steal This Album!, Song 11 Highway Song
100%
Hypnotize, Song 3 Kill Rock 'n Roll
100%
Hypnotize, Song 11 Lonely Day
100%
Toxicity, Song 1 Prison Song
100%
Toxicity, Song 13 Psycho
100%
Mezmerize, Song 9 Sad Statue
100%
System of A Down, Song 4 Suggestions
100%
Mezmerize, Song 7 Violent Pornography
100%
Steal This Album!, Song 9 36
83%
Hypnotize, Song 1 Attack
83%
Steal This Album!, Song 4 Boom!
83%
Toxicity, Song 7 Bounce
83%
Steal This Album!, Song 3 Bubbles
83%
Mezmerize, Song 4 Cigaro
83%
System of A Down, Song 11 CUBErt
83%
Toxicity, Song 8 Forest
83%
Hypnotize, Song 4 Hypnotize
83%
Toxicity, Song 4 Jet Pilot
83%
System of A Down, Song 2 Know
83%
Mezmerize, Song 11 Lost In Hollywood
83%
System of A Down, Song 9 Mind
83%
Toxicity, Song 2 Needles
83%
Steal This Album!, Song 5 Nüguns
83%
Mezmerize, Song 5 RadioVideo
83%
Toxicity, Song 10 Science
83%
Toxicity, Song 11 Shimmy
83%
System of A Down, Song 7 Soil
83%
Hypnotize, Song 12 Soldier Side
83%
Mezmerize, Song 1 Soldier Side - Intro
83%
Hypnotize, Song 5 Stealing Society
83%
Steal This Album!, Song 16 Streamline
83%
Hypnotize, Song 6 Tentative
83%
Steal This Album!, Song 14 Thetawaves
83%
Mezmerize, Song 6 This Cocaine Makes Me Feel Like I'm On This Song
83%
Toxicity, Song 12 Toxicity
83%
Hypnotize, Song 9 Vicinity Of Obscenity
83%
Toxicity, Song 15 Arto
80%
Mezmerize, Song 2 B.Y.O.B.
80%
Toxicity, Song 6 Chop Suey!
80%
System of A Down, Song 6 DDevil
80%
Steal This Album!, Song 12 Fuck The System
80%
Hypnotize, Song 8 Holy Mountains
80%
Mezmerize, Song 10 Old School Hollywood
80%
System of A Down, Song 10 Peephole
80%
System of A Down, Song 13 P.L.U.C.K.
80%
Mezmerize, Song 8 Question!
80%
Mezmerize, Song 3 Revenga
80%
Steal This Album!, Song 15 Roulette
80%
System of A Down, Song 5 Spiders
80%
System of A Down, Song 1 Suite-Pee
80%
Hypnotize, Song 7 U-Fig
80%
System of A Down, Song 8 War?
80%
Toxicity, Song 5 X
80%
Toxicity, Song 14 Aerials
75%
System of A Down, Song 12 Darts
75%
Steal This Album!, Song 8 I-E-A-I-A-I-O
75%
Steal This Album!, Song 7 Mr. Jack
75%
Hypnotize, Song 10 She's Like Heroin
75%
System of A Down, Song 3 Sugar
75%
Steal This Album!, Song 6 A.D.D. (American Dream Denial)
67%
Steal This Album!, Song 1 Chic 'N' Stu
67%
Steal This Album!, Song 13 Ego Brain
67%
Steal This Album!, Song 2 Innervision
60%
Steal This Album!, Song 10 Pictures
60%
No matching quizzes found
Score Distribution
Percent of People with Each Score
Percentile by Number Answered
Your Score History
You have not taken this quiz